| 000 | 00498nam a22001937a 4500 | ||
|---|---|---|---|
| 999 |
_c11745 _d11745 |
||
| 003 | OSt | ||
| 008 | 230125b ||||| |||| 00| 0 eng d | ||
| 020 | _a9789355730572 | ||
| 082 | _a658 GRO | ||
| 100 | _aGRIFFIN,Ricky W | ||
| 245 | _aOrganizational Behavior Managing People and Organizations | ||
| 250 | _a13th Ed | ||
| 260 |
_aNew Delhi _bCengage _c2022 |
||
| 300 | _a576 | ||
| 650 | _aOrganizational Behavior | ||
| 700 | _aPHILLIPS,Jean M | ||
| 700 | _aGULLY,Stanley M | ||
| 942 |
_2ddc _cREF |
||